000 00627nam a2200205 a 4500
999 _c8299
_d8299
001 8299
003 BD-JhCC
005 20190722134007.0
008 180220s19831997bg a|||| ||a| 000 0 b d
035 _a(BD-JhCC)8299
040 _aBD-JhCC
_dBD-JhCC
041 _aben
082 _a546
_bUCC 1997
245 _aউচ্চ মাধ্যমিক অজৈব রসায়ন :
_bভৌত, অধাতু ও ধাতু /
_cজি. কে. নাথ...[et. all]
300 _a882 p. :
_bill;
_c24 cm.
651 _aInorgamc Chemistry
700 _aনাথ, জি. কে.
942 _2lcc
_cBK
_02